1373 1698 1459 1589 1188 1349 2000 1590 1667 1598 1848 1133 1265 1517 1043 1467 1226 1273 1196 1151 1971 1086 1814 1596 1468 1346 1341 1074 1690 1959 1786 1149 1590 1698 1285 1171 1351 1226 1934 1646 1016 1717 1472 1964 1382 1895 1348 1180 1467 1725 1728 1007 1153 1244 1055 1489 1882 1429 1998 1515 1314 1547 1453 1600 1606 1672 1221 1412 1913 1462 1547 1038 1156 1783 1860 1533 1707 1836 1808 1080 1762 1747 1431 1358 1816 1310 1771 1791 1816 1081 1871 1850 1695 1738 1121 1916 1570 1867 1822 BCNSPRNW ULIB Ver.6.0+V

เปลี่ยนเป็นภาษาไทย

Change to English
 แสดงรายละเอียดบรรณานุกรม
  กลับหน้าหลัก

Brief Record : Get Marc (ISO 2709) : E-mail record : QR code < ปิดหน้าต่าง
LEADER : 00000nam 2200000uu 4500
001    13399128044
003     ULIB
008    220128s2563||||th 000 0 tha d
020    ^a9786165721424
050    ^aนว^bภ262ป
100 0  ^aภวันดร
245 10 ^aปริศนาชบาแดง /^cภวันดร
250    ^aพิมพ์ครั้งที่ 1
260    ^aกรุงเทพฯ :^bกู๊ดเฮด พริ้นท์ติ้ง แอนด์ แพคเกจจิ้ง กรุ๊ป,^c2563
300    ^a280 หน้า ;^c21 ซม.
650  0 ^aนวนิยาย
945    ^p0^l0^i29189
999    ^aกัณชพร จุลอักษร
รายการนี้ยังไม่มีแท็ก
คุณยังไม่ได้ล็อกอิน คุณสามารถมีกิจกรรมร่วมกับเว็บไซต์ได้ แต่ต้องล็อกอินก่อน ::
  ล็อกอิน

รายการสื่อสารสนเทศ

ลำดับที่ ประเภท เลขเรียก/บาร์โค้ด สถานที่ สถานะ
1. วิทยาศาสตร์การแพทย์ และสุขภาพ
วิทยาศาสตร์การแพทย์ และสุขภาพ
นว ภ262ป ฉ.1 
  Barcode: 29189
ห้องสมุดวิทยาเขตนครสวรรค์
►นวนิยาย:l:Fiction
บนชั้น

รายการใกล้เคียง
    ผู้แต่ง [ภวันดร]

    หัวเรื่อง [นวนิยาย]

BibComment


ยังไม่เคยถูกคอมเมนท์

คอมเมนท์ทรัพยากรรายการนี้
  คอมเมนท์: ปริศนาชบาแดง ภว..


 Copyright 2026. Bcnsprnw @Library